| 000 | 00417nam a2200169Ia 4500 | ||
|---|---|---|---|
| 008 | 230718s9999 xx 000 0 und d | ||
| 041 | _aeng | ||
| 082 |
_a650.14 _bCOR |
||
| 100 |
_aCorfield R. _9163060 |
||
| 245 | _aSuccessful Interview Skills | ||
| 250 | _a3rd ed. | ||
| 260 |
_c2004 _bKogan Page |
||
| 300 | _a106 | ||
| 365 |
_cRs. _b99.00 |
||
| 700 |
_aCorfield R. _9163060 |
||
| 906 |
_d198/20.4.06 _cOTH _b19.8 |
||
| 999 |
_c313457 _d313457 |
||